Les catégories de "meilleur ouvrier de France" 1 - Statistiques

Statistiques générales
  • Ce quiz a été pris 24 fois
  • Le résultat moyen est 15 sur 43
Statistiques - réponses
Groupe 1 Métiers de la restauration et de l'hôtellerie Initiale Réponse % Correct
Commerce de viande B Boucherie
88%
Boutique du pain B Boulangerie
88%
Gâteaux et tartes forment cette spécialité P Pâtisserie
88%
Camembert et Maroilles y cohabitent F Fromagerie
82%
Prépare les boissons B Barman
76%
S'occupe des vins S Sommelier
76%
On y vend du porc C Charcuterie
71%
Cuisine de qualité G Gastronomie
71%
S'étale au pinceau P Peinture
71%
Travail de gros bois C Charpente
59%
On y vend du cacao C Chocolaterie
59%
Travail de petit bois M Menuiserie
59%
Spécialiste de la mer P Poissonnier
59%
Construction de murs M Maçonnerie
47%
Veille au service M Maître d'hôtel
47%
Revêtement de sol C Carrelage
41%
Roche dur P Métiers de la {Pierre}
35%
Bassin privé P Métiers de la {piscine}
35%
Indispensable à l'H2O P Plomberie
35%
Clos le sommet C Couverture
29%
Travail du fer forgé F Ferronnerie
24%
Desserts réfrigérés G Glaces
24%
Création d'objets reflétants M Miroiterie
24%
Jamais le dernier ! P Primeur
24%
Coloration en bac T Teinture
24%
Utile en hiver C Chauffage
18%
Organise l'entretien d'un hôtel G Gouvernante
18%
Décorateur qui creuse G Graveur
18%
Personnage aux clés d'or R Réceptionniste
18%
Roche calcaire précieuse qu'ils travaillent M Marbriers
12%
Issu du gypse P Plâtre
12%
A destination des chevaux S Sellerie
12%
L'acier, le laiton sont souvent utilisés dans cette spécialité S Serrurerie
12%
Art d'entrelacer T Tissage
12%
Miniatures spécialisées M {Maquettes} d'architecture
6%
Ils repassent à la vapeur P Métiers du {pressing}
6%
Remise en état d'ornements de murs T Restauration de tapis et de {tapisseries}
6%
Artistes D Dessinateurs
0%
Une affaire de conduits F Fumisterie
0%
Fabrication de contenants G Gainerie
0%
Coloration du tissu mécanique I Impression
0%
Assemblage de tesselles M Mosaïque
0%
Il pose au sol comme au mur S Solier
0%
Aucun quiz correspondant
Distribution des résultats
% des personnes avec chaque résultat
Percentile par nombre de réponses
Votre historique - résultats
Vous n’avez pas pris ce quiz